000 00584nam a2200205 i 4500
001 bg
100 1 _aGWÓŹDŹ, Zbigniew
245 0 _aPolskie konstrukcje broni strzeleckiej /
_cZbigniew Gwóźdź, Piotr Zarzycki.
260 _aWarszawa :
_bSIGMA NOT,
_c1993.
300 _a295 s., [12] k. tabl. kol. :
_bfot., rys. ;
_c24 cm.
504 _aBibliogr. s. 286-289.
700 1 _aZARZYCKI, Piotr
020 _a8385001697
040 _cBPK
041 _apol
080 _a623.44(438)"19"
920 _a83-85001-69-7
942 _cKS
008 s pl f |000 0 pol
999 _c29939
_d29939
856 _uhttp://koha.tu.koszalin.pl/cgi-bin/koha/opac-detail.pl?biblionumber=29939
_yKatalog online BPK